Statistics for Number Quiz - Harry Potter

Click here to take the quiz!

General Stats

  • This quiz has been taken 106 times
    (100 since last reset)
  • The average score is 11 of 15

Answer Stats

HintAnswer% Correct
Number of Houses:4
96%
Number of Horcruxes:7
96%
The Dursley's house number:4
91%
Number of books in the series:7
90%
Platform _ and ______9 3/4
88%
Year Harry was born:1980
87%
Number of people on broomsticks in a Hogwarts Quidditch match:15
80%
What number is missing from Grimmauld Place?12
78%
Number of staircases in Hogwarts:142
67%
Number of points McGonagall took away from Gryffindor when she caught Harry, Hermione, and Neville all out of bed in one night:150
65%
Number of ways possible of commiting a foul in Quidditch:700
62%
Number of points Gryffindor beat Slytherin by in the 1st House Cup:10
60%
How many uses for dragon's blood are there?12
59%
Year Voldemort was born:1927
40%
Number of people in the Order of the Phoenix34
29%

Score Distribution

Percentile by Number Answered

Percent of People with Each Score

Your Score History

You have not taken this quiz since the last reset